• 首页
  • 本馆介绍
  • 公告通知
  • 最新文献
  • 馆藏检索
  • 电子资源
  • 读者导购
  • 参考咨询
  • 我的图书馆
  • 登录
  • 详细信息显示
  • 放入我的书架
  • 预约/预借图书
  • 作者相关作品
  • 分类相关作品
  • 丛书相关作品
  • 出版社相关作品

书目信息

  • 表格格式
  • 工作单格式
  • 卡片格式
书名: Building strategies
作者: Brian Abbs, Ingrid Freebairn.
分册号:
分册名:
出版地: London :
 
出版社: Longman
出版时间: 1979.
页数: 138 p.
开本:
丛书名: Strategies
中图分类号:
科图分类号:
其他分类号: H31
主题词:
电子资源:
000 00596nam 22002057a 4500
001 E0755473071
005 20070228153039.28
008 030409s1979 enka b 001 0 eng d
020    @a0582515297.
040    @aNUL@cNUL
090    @aJ688.4/W675.2
090    @aH31
099    @dH31@ex146:2(1)
100 1  @aAbbs, Brian.
245 10 @aBuilding strategies :@ban integrated language course for learners of english / @cBrian Abbs, Ingrid Freebairn.
260    @aLondon :@bLongman,@c1979.
300    @a138 p.
440  0 @aStrategies; @v2
700 1  @aFreebairn, Ingrid.
920    @a232010@z2
    
    Building strategies : : an integrated language course for learners of english / / Brian Abbs, Ingrid Freebairn.-London : : Longman, , 1979.
    138 p.- (Strategies; 2 )
    
    
    ISBN 0582515297.
    
●
相关链接 在E读中查询图书 在五车中查询图书 在当当中查询图书 在豆瓣中查询图书


正题名:Building strategies     索取号:H31/x146:2(1)         预约/预借

序号 登录号 条形码 馆藏地/架位号 状态 备注
1 116304   000068535   第四借阅区/ [索取号:H31/x146:2(1)] 在馆    
2 116305   000068571   第四借阅区/ [索取号:H31/x146:2(1)] 在馆    
3 116306   000068492   第四借阅区/ [索取号:H31/x146:2(1)] 在馆    
4 116307   000068759   第四借阅区/ [索取号:H31/x146:2(1)] 在馆    
5 116308   000068615   第四借阅区/ [索取号:H31/x146:2(1)] 在馆    
6 116309   000068688   密集书库/ [索取号:H31/x146:2(1)] 在馆    
7 116310   000068679   密集书库/ [索取号:H31/x146:2(1)] 在馆    
8 116311   000068713   密集书库/ [索取号:H31/x146:2(1)] 在馆    
9 116312   000068722   密集书库/ [索取号:H31/x146:2(1)] 在馆    
10 116313   000068456   第二样本阅览室/ [索取号:H31/x146:2(1)] 在馆    
唐山师范学院图书馆 欢迎您!
大连网信软件有限公司© 版权所有